| 000 | 00606nam a2200181Ia 4500 | ||
|---|---|---|---|
| 008 | 100917s9999 xx 000 0 und d | ||
| 082 | _b42781 | ||
| 100 | _aजोशी चंद्रहास | ||
| 245 | _aछंद : तंत्र आणि मंत्र | ||
| 260 |
_bअनिरूध्द साहित्य _c1975 |
||
| 300 | _a112 | ||
| 365 | _b6 | ||
| 520 | _aअध्यात्म | ||
| 630 | _aछंद : तंत्र आणि मंत्र | ||
| 650 | _aअध्यात्म | ||
| 730 | _aछंद : तंत्र आणि मंत्र | ||
| 942 | _cBOOK | ||
| 999 |
_c648175 _d648172 |
||